The Joy of following Jesus / (Record no. 6247)
[ view plain ]
| 000 -LEADER | |
|---|---|
| fixed length control field | 01824cam a2200337Ia 4500 |
| 001 - CONTROL NUMBER | |
| control field | 41045167 |
| 003 - CONTROL NUMBER IDENTIFIER | |
| control field | OCoLC |
| 005 - DATE AND TIME OF LATEST TRANSACTION | |
| control field | 20190116125107.0 |
| 008 - FIXED-LENGTH DATA ELEMENTS--GENERAL INFORMATION | |
| fixed length control field | 990326r19941990ilua 001 0 eng d |
| 020 ## - INTERNATIONAL STANDARD BOOK NUMBER | |
| International Standard Book Number | 0913367974 (pbk.) |
| 020 ## - INTERNATIONAL STANDARD BOOK NUMBER | |
| International Standard Book Number | 9780913367971 (pbk.) |
| 035 ## - SYSTEM CONTROL NUMBER | |
| System control number | (OCoLC)41045167 |
| Canceled/invalid control number | (OCoLC)40955840 |
| 040 ## - CATALOGING SOURCE | |
| Original cataloging agency | NCA |
| Transcribing agency | NCA |
| Modifying agency | OCLCQ |
| -- | OCLCG |
| -- | OCLCA |
| -- | HNW |
| -- | OCLCF |
| 082 04 - DEWEY DECIMAL CLASSIFICATION NUMBER | |
| Classification number | 248.4 |
| Edition number | 23 |
| Item number | S194J |
| 090 ## - LOCALLY ASSIGNED LC-TYPE CALL NUMBER (OCLC); LOCAL CALL NUMBER (RLIN) | |
| Classification number (OCLC) (R) ; Classification number, CALL (RLIN) (NR) | BV4501.2 |
| Local cutter number (OCLC) ; Book number/undivided call number, CALL (RLIN) | .S215 1994 |
| 092 0# - LOCALLY ASSIGNED DEWEY CALL NUMBER (OCLC) | |
| Classification number | 248.4 |
| Item number | S2155j |
| 100 1# - MAIN ENTRY--PERSONAL NAME | |
| Personal name | Sanders, J. Oswald |
| Fuller form of name | (John Oswald), |
| Dates associated with a name | 1902-1992. |
| 245 14 - TITLE STATEMENT | |
| Title | The Joy of following Jesus / |
| Statement of responsibility, etc. | J. Oswald Sanders. |
| 250 ## - EDITION STATEMENT | |
| Edition statement | Billy Graham Evangelistic Association special ed. |
| 260 ## - PUBLICATION, DISTRIBUTION, ETC. | |
| Place of publication, distribution, etc. | Chicago : |
| Name of publisher, distributor, etc. | Moody Press, |
| Date of publication, distribution, etc. | c1994. |
| 300 ## - PHYSICAL DESCRIPTION | |
| Extent | 156, [IV] p. : |
| Other physical details | ill. ; |
| Dimensions | 21 cm. |
| 500 ## - GENERAL NOTE | |
| General note | Originally published: Shoe-leather commitment. Chicago : Moody Press, c1990; republished as Spiritual discipleship. Chicago : Moody Press, c1994. |
| 500 ## - GENERAL NOTE | |
| General note | Includes: Steps to peace with God. |
| 505 0# - FORMATTED CONTENTS NOTE | |
| Formatted contents note | The ideal disciple -- Conditions of discipleship -- Evidences of discipleship -- Tests of discipleship -- The disciple's master -- The disciple's senior partner -- The disciple's servanthood -- The disciple's ambition -- The disciple's love -- The disciple's maturity -- The disciple's Olympics -- The disciple's compassion -- The disciple's prayer life -- The disciple's rights -- The disciple's example -- The disciple's loneliness -- The disciple's second chance -- The disciple's renewed commission -- The disciple's dynamic -- The disciple's hope. |
| 650 #0 - SUBJECT ADDED ENTRY--TOPICAL TERM | |
| Topical term or geographic name entry element | Spiritual formation. |
| 650 #0 - SUBJECT ADDED ENTRY--TOPICAL TERM | |
| Topical term or geographic name entry element | Christian life. |
| 700 1# - ADDED ENTRY--PERSONAL NAME | |
| Personal name | Sanders, J. Oswald |
| Fuller form of name | (John Oswald), |
| Dates associated with a name | 1902- |
| Title of a work | Shoe-leather commitment. |
| 700 1# - ADDED ENTRY--PERSONAL NAME | |
| Personal name | Sanders, J. Oswald |
| Fuller form of name | (John Oswald), |
| Dates associated with a name | 1902- |
| Title of a work | Spiritual discipleship. |
| 740 0# - ADDED ENTRY--UNCONTROLLED RELATED/ANALYTICAL TITLE | |
| Uncontrolled related/analytical title | Steps to peace with God. |
| 942 ## - ADDED ENTRY ELEMENTS (KOHA) | |
| Source of classification or shelving scheme | Dewey Decimal Classification |
| Koha item type | Books |
| Withdrawn status | Lost status | Source of classification or shelving scheme | Damaged status | Not for loan | Collection code | Home library | Current library | Shelving location | Date acquired | Cost, normal purchase price | Total Checkouts | Full call number | Barcode | Date last seen | Date last checked out | Price effective from | Koha item type |
|---|---|---|---|---|---|---|---|---|---|---|---|---|---|---|---|---|---|
| Dewey Decimal Classification | Non-fiction | Harvest Mission College | Harvest Mission College | General Stacks | 16.01.2019 | 950.00 | 1 | 248.4 S194J | 007220 | 17.07.2025 | 13.06.2025 | 16.01.2019 | Books |
